000
00322nam a2200133Ia 4500
005
20251222144922.0
008
251222s9999||||xx |||||||||||||| ||spa||
020
_a
987-1004-85-0
082
_a
371.33/O88
100
_a
Ottobre, Salvador
245
0
_a
¿Dónde quedo mi Tamagochi?:
264
_b
La Crujía
942
_c
LIB
999
_c
22771
_d
22771